Statistics for 4-Letter Literature Chain

Click here to take the quiz!

General Stats

  • This quiz has been taken 17,662 times
  • The average score is 16 of 26

Answer Stats

Hint Answer % Correct
Aladdin had a magic oneLamp
96%
Mitchell: Gone with the ____Wind
93%
Brontë: Jane ____Eyre
80%
Body of water such as WaldenPond
80%
Shakespearean kingLear
79%
By any other name would smell as sweetRose
76%
What gave Samson his powerHair
74%
Hemingway novel: A Farewell to ____Arms
71%
Author of "Matilda" and "The BFG"Dahl
70%
Captain who searched for Moby DickAhab
70%
May the ____ be ever in your favorOdds
68%
Steinbeck: ____ of EdenEast
67%
Jane Austen novelEmma
65%
An Achilles heel is a fatal thisFlaw
65%
Prefix that often comes before nemesisArch
63%
What's sold in a Faustian bargainSoul
62%
"20,000 Leagues Under the Sea" captainNemo
60%
Hardy: ____ of the d'UbervillesTess
59%
Othello's ethnicityMoor
52%
Woolf: A ____ of One's OwnRoom
51%
Sci-fi novel by Frank HerbertDune
51%
Place for David to spy on BathshebaRoof
48%
The color black, poeticallyEbon
42%
Heroic story of Norse literatureSaga
40%
Drug from "Brave New World"Soma
24%
8th century English monk, author,
and translator
Bede
19%

Score Distribution

Percentile by Number Answered

Percent of People with Each Score

Your Score History

You have not taken this quiz